<?xml version="1.0" encoding="UTF-8"?>
<record
    xmlns:xsi="http://www.w3.org/2001/XMLSchema-instance"
    xsi:schemaLocation="http://www.loc.gov/MARC21/slim http://www.loc.gov/standards/marcxml/schema/MARC21slim.xsd"
    xmlns="http://www.loc.gov/MARC21/slim">

  <leader>01169nam a22002657a 4500</leader>
  <controlfield tag="005">20170123164152.0</controlfield>
  <datafield tag="010" ind1=" " ind2=" ">
    <subfield code="a">B-028765</subfield>
  </datafield>
  <datafield tag="020" ind1=" " ind2=" ">
    <subfield code="c">150.00</subfield>
  </datafield>
  <datafield tag="035" ind1=" " ind2=" ">
    <subfield code="a">B-028765</subfield>
  </datafield>
  <datafield tag="037" ind1=" " ind2=" ">
    <subfield code="b">Cen Lib/Ret</subfield>
  </datafield>
  <datafield tag="040" ind1=" " ind2=" ">
    <subfield code="a">DPL</subfield>
    <subfield code="b">PN</subfield>
  </datafield>
  <datafield tag="082" ind1=" " ind2=" ">
    <subfield code="a">852</subfield>
    <subfield code="b">&#xA2A;&#xA3E;&#xA32;&#xA2D;&#xA41;</subfield>
  </datafield>
  <datafield tag="100" ind1=" " ind2=" ">
    <subfield code="a">&#xA2A;&#xA3E;&#xA32; &#xA2D;&#xA41;&#xA2A;&#xA3F;&#xA70;&#xA26;&#xA30; &#xA38;&#xA3F;&#xA70;&#xA18; </subfield>
    <subfield code="9">4321</subfield>
  </datafield>
  <datafield tag="245" ind1=" " ind2=" ">
    <subfield code="a">&#xA2E;&#xA3F;&#xA71;&#xA1F;&#xA40; &#xA26;&#xA3E; &#xA2C;&#xA3E;&#xA35;&#xA3E;  :</subfield>
    <subfield code="c">&#xA2A;&#xA3E;&#xA32; &#xA2D;&#xA41;&#xA2A;&#xA3F;&#xA70;&#xA26;&#xA30; &#xA38;&#xA3F;&#xA70;&#xA18; ; &#xA38;&#xA70;&#xA2A;&#xA3E;&#xA26;&#xA15; &#xA28;&#xA3F;&#xA30;&#xA2E;&#xA32; &#xA1C;&#xA4C;&#xA30;&#xA3E; </subfield>
    <subfield code="b">&#xA24;&#xA47; &#xA39;&#xA4B;&#xA30; &#xA28;&#xA3E;&#xA1F;&#xA15; /</subfield>
  </datafield>
  <datafield tag="246" ind1=" " ind2=" ">
    <subfield code="a">Mitti da bawa : collectionof plays /</subfield>
    <subfield code="b">by Pall Bhupinder Singh ; edited by Nirmal Jaura </subfield>
  </datafield>
  <datafield tag="260" ind1=" " ind2=" ">
    <subfield code="a">&#xA32;&#xA41;&#xA27;&#xA3F;&#xA06;&#xA23;&#xA3E; </subfield>
    <subfield code="b">&#xA0A;&#xA28;&#xA3F;&#xA15;&#xA41;&#xA0F; &#xA2A;&#xA2C;&#xA32;&#xA3F;&#xA38;&#xA3C;&#xA30;&#xA1C;&#xA3C;</subfield>
    <subfield code="c">1997</subfield>
  </datafield>
  <datafield tag="270" ind1=" " ind2=" ">
    <subfield code="a">&#xA6A;&#xA67;&#xA6B;&#xA6C;, &#xA26;&#xA41;&#xA30;&#xA17;&#xA3E; &#xA2A;&#xA42;&#xA30;&#xA40; &#xA39;&#xA32;&#xA4D;&#xA2C;&#xA4B;&#xA35;&#xA3E;&#xA32; &#xA15;&#xA32;&#xA3E;&#xA02; </subfield>
    <subfield code="b">&#xA32;&#xA41;&#xA27;&#xA3F;&#xA06;&#xA23;&#xA3E; </subfield>
  </datafield>
  <datafield tag="300" ind1=" " ind2=" ">
    <subfield code="a">102p ; </subfield>
    <subfield code="c">20cm</subfield>
  </datafield>
  <datafield tag="650" ind1=" " ind2=" ">
    <subfield code="a">&#xA2A;&#xA70;&#xA1C;&#xA3E;&#xA2C;&#xA40; -- &#xA28;&#xA3E;&#xA1F;&#xA15;</subfield>
    <subfield code="9">127147</subfield>
  </datafield>
  <datafield tag="650" ind1=" " ind2=" ">
    <subfield code="a">&#xA2A;&#xA70;&#xA1C;&#xA3E;&#xA2C;&#xA40; &#xA38;&#xA3E;&#xA39;&#xA3F;&#xA24;</subfield>
    <subfield code="9">127148</subfield>
  </datafield>
  <datafield tag="650" ind1=" " ind2=" ">
    <subfield code="a">Punjabi - literature</subfield>
    <subfield code="9">781</subfield>
  </datafield>
  <datafield tag="650" ind1=" " ind2=" ">
    <subfield code="a">Punjabi -- Play</subfield>
    <subfield code="9">7361</subfield>
  </datafield>
  <datafield tag="700" ind1=" " ind2=" ">
    <subfield code="a">&#xA28;&#xA3F;&#xA30;&#xA2E;&#xA32; &#xA1C;&#xA4C;&#xA30;&#xA3E; </subfield>
    <subfield code="9">127149</subfield>
  </datafield>
  <datafield tag="942" ind1=" " ind2=" ">
    <subfield code="2">ddc</subfield>
    <subfield code="c">PN</subfield>
    <subfield code="h">852</subfield>
    <subfield code="m">&#xA2A;&#xA3E;&#xA32;&#xA2D;&#xA41;</subfield>
  </datafield>
  <datafield tag="999" ind1=" " ind2=" ">
    <subfield code="c">110434</subfield>
    <subfield code="d">110434</subfield>
  </datafield>
  <datafield tag="952" ind1=" " ind2=" ">
    <subfield code="0">0</subfield>
    <subfield code="1">0</subfield>
    <subfield code="4">0</subfield>
    <subfield code="7">0</subfield>
    <subfield code="a">L</subfield>
    <subfield code="b">L</subfield>
    <subfield code="d">2016-01-21</subfield>
    <subfield code="e">Cen Lib/Ret</subfield>
    <subfield code="g">150.00</subfield>
    <subfield code="l">0</subfield>
    <subfield code="o">852 &#xA2A;&#xA3E;&#xA32;&#xA2D;&#xA41;</subfield>
    <subfield code="p">B-028765</subfield>
    <subfield code="r">2016-01-21 00:00:00</subfield>
    <subfield code="t">1</subfield>
    <subfield code="v">150.00</subfield>
    <subfield code="w">2016-01-21</subfield>
    <subfield code="y">PN</subfield>
  </datafield>
</record>
